Principles of macroeconomics / (Record no. 3488)
| 000 -LEADER | |
|---|---|
| fixed length control field | 01022cam a22003014a 4500 |
| 001 - CONTROL NUMBER | |
| control field | 14294208 |
| 003 - CONTROL NUMBER IDENTIFIER | |
| control field | OSt |
| 005 - DATE AND TIME OF LATEST TRANSACTION | |
| control field | 20161011111207.0 |
| 008 - FIXED-LENGTH DATA ELEMENTS--GENERAL INFORMATION | |
| fixed length control field | 060309s2007 njua b 001 0 eng |
| 010 ## - LIBRARY OF CONGRESS CONTROL NUMBER | |
| LC control number | 2006043408 |
| 020 ## - INTERNATIONAL STANDARD BOOK NUMBER | |
| International Standard Book Number | 9780070135277 |
| 040 ## - CATALOGING SOURCE | |
| Original cataloging agency | DLC |
| Transcribing agency | DLC |
| Modifying agency | DLC |
| 042 ## - AUTHENTICATION CODE | |
| Authentication code | pcc |
| 050 00 - LIBRARY OF CONGRESS CALL NUMBER | |
| Classification number | HB172.5.B47 2008 |
| 082 00 - DEWEY DECIMAL CLASSIFICATION NUMBER | |
| Classification number | 339 |
| Edition number | 22 |
| 100 ## - MAIN ENTRY--PERSONAL NAME | |
| Personal name | Bernanke,Ben |
| 245 10 - TITLE STATEMENT | |
| Title | Principles of macroeconomics / |
| Statement of responsibility, etc | Ben Bernanke...[et al] |
| 250 ## - EDITION STATEMENT | |
| Edition statement | 2nd ed. |
| 260 ## - PUBLICATION, DISTRIBUTION, ETC. (IMPRINT) | |
| Place of publication, distribution, etc | Australia : |
| Name of publisher, distributor, etc | McGraw-Hill, |
| Date of publication, distribution, etc | c2008. |
| 300 ## - PHYSICAL DESCRIPTION | |
| Extent | xxvii, 552 p. : |
| Other physical details | col. ill. ; |
| Dimensions | 28 cm. |
| 504 ## - BIBLIOGRAPHY, ETC. NOTE | |
| Bibliography, etc | Includes bibliographical references and index. |
| 650 #0 - SUBJECT ADDED ENTRY--TOPICAL TERM | |
| Topical term or geographic name as entry element | Macroeconomics. |
| 700 ## - ADDED ENTRY--PERSONAL NAME | |
| Personal name | Olekalns,Nilss |
| 700 ## - ADDED ENTRY--PERSONAL NAME | |
| Personal name | Frank,Robert |
| 906 ## - LOCAL DATA ELEMENT F, LDF (RLIN) | |
| a | 7 |
| b | cbc |
| c | orignew |
| d | 1 |
| e | ocip |
| f | 20 |
| g | y-gencatlg |
| 942 ## - ADDED ENTRY ELEMENTS (KOHA) | |
| Source of classification or shelving scheme | |
| Koha item type | Book |
| Withdrawn status | Lost status | Source of classification or shelving scheme | Damaged status | Not for loan | Home library | Current library | Shelving location | Date acquired | Total Checkouts | Full call number | Barcode | Date last seen | Date checked out | Copy number | Price effective from | Koha item type | Total Renewals |
|---|---|---|---|---|---|---|---|---|---|---|---|---|---|---|---|---|---|
| Riara University Library | Riara University Library | General stack | 11/10/2016 | 1 | HB172.5.B47 2008 | 8310/16 | 19/07/2018 | 19/02/2018 | C.1 | 11/10/2016 | Book | ||||||
| Riara University Library | Riara University Library | General stack | 22/02/2017 | 1 | HB172.5.B47 2008 | 7663/16 | 19/03/2018 | 02/02/2018 | C.2 | 22/02/2017 | Book | 1 |
